| 000 | 00681nam a2200241Ia 4500 | ||
|---|---|---|---|
| 003 | OSt | ||
| 005 | 20220928120333.0 | ||
| 006 | a|||||r|||| 00| 0 | ||
| 007 | ta | ||
| 008 | 220927b |||||||| |||| 00| 0 eng d | ||
| 024 | _a49606 | ||
| 037 | _cTextual | ||
| 040 |
_aSDCL _cSDCL _beng |
||
| 041 |
_2eng _aeng |
||
| 082 | _aV3,6'N9, N6 | ||
| 100 |
_aPratchett Lawrence Ed. _9448765 |
||
| 245 | 0 | _aLocal democracy and local government | |
| 260 |
_aLondon _bMacmillan Press _c1996 |
||
| 300 |
_axii,256p _ccm. |
||
| 700 |
_a Wilson David Ed. _9448766 |
||
| 942 |
_hV3,6'N9, N6 _cTEXL _2CC |
||
| 999 |
_c763296 _d763296 |
||